LEVERS HISTOPATHOLOGY OF SKIN (Record no. 1221)

MARC details
000 -LEADER
fixed length control field 00272nam a2200121Ia 4500
082 ## - DEWEY DECIMAL CLASSIFICATION NUMBER
Classification number 616.07
Item number L10E
100 ## - MAIN ENTRY--PERSONAL NAME
Personal name LELDER,DAVID.E.
245 ## - TITLE STATEMENT
Title LEVERS HISTOPATHOLOGY OF SKIN
250 ## - EDITION STATEMENT
Edition statement 10TH
260 ## - PUBLICATION, DISTRIBUTION, ETC. (IMPRINT)
Name of publisher, distributor, etc ELSEVIER
Place of publication, distribution, etc DELHI
Year of Publication 2010
650 ## - SUBJECT ADDED ENTRY--TOPICAL TERM
Topical term or geographic name as entry element PATHOLOGY
942 ## - ADDED ENTRY ELEMENTS (KOHA)
Source of classification or shelving scheme Dewey Decimal Classification
Koha item type Books
942 ## - ADDED ENTRY ELEMENTS (KOHA)
-- 1
Holdings
Withdrawn status Lost status Source of classification or shelving scheme Damaged status Not for loan Collection code Home library Current library Shelving location Date acquired Vendor Name Cost, normal purchase price SGTU Bill Number Total Checkouts Full call number Accession No. (Barcode) Date last seen Date last borrowed Bill Date Koha item type
    Dewey Decimal Classification   Not For Loan MEDICAL SGT Medical Library SGT Medical Library Text Book 07/01/2011 U.B.S. DELHI 3995.00 SGTU 763 2 616.07 L10E FM4626 14/08/2024 18/05/2024 07/01/2011 Books